[Event "Madrid ch 2021-2022 - Previa A"]
[Site "Madrid ESP"]
[Date "2022.03.09"]
[Round "3.3"]
[White "Garcia Gonzalez, Pedro A."]
[Black "Lopez de Turiso, Jose Angel"]
[Result "1/2-1/2"]
[WhiteElo "1710"]
[BlackElo "1935"]
[PlyCount "56"]
[EventDate "2022.03.07"]
[EventType "swiss"]
[EventRounds "9"]
[EventCountry "ESP"]
[SourceTitle "Ajedrez en Madrid"]
[Source "lmi"]
[SourceDate "2022.03.07"]
[SourceVersion "1"]
[SourceVersionDate "2022.04.04"]
[SourceQuality "1"]

1. d4 f5 2. Nf3 Nf6 3. e3 d5 4. c4 e6 5. Bd3 c6 6. O-O Bd6 7. b3 Qe7 8. Bb2 O-O
9. Qc1 Ne4 10. Ba3 Nd7 11. Bxd6 Nxd6 12. Nbd2 e5 13. dxe5 Nxe5 14. Nxe5 Qxe5
15. Nf3 Qe6 16. cxd5 Qxd5 17. Qc2 Qe6 18. Rad1 Qf6 19. Rd2 Be6 20. Rfd1 Bd5 21.
Be2 Rae8 22. Qb2 Qh6 23. Qd4 a6 24. Bc4 Nxc4 25. bxc4 Bxf3 26. gxf3 Qh3 27. Qf4
Re6 28. Kh1 Qh6 1/2-1/2

[Event "Madrid ch 2021-2022 - Previa A"]
[Site "Madrid ESP"]
[Date "2022.03.09"]
[Round "3.5"]
[White "Hernandez Gutierrez, Jose"]
[Black "Fernandez Garcia, Ignacio"]
[Result "1-0"]
[WhiteElo "1732"]
[BlackElo "1844"]
[PlyCount "67"]
[EventDate "2022.03.07"]
[EventType "swiss"]
[EventRounds "9"]
[EventCountry "ESP"]
[SourceTitle "Ajedrez en Madrid"]
[Source "lmi"]
[SourceDate "2022.03.07"]
[SourceVersion "1"]
[SourceVersionDate "2022.04.04"]
[SourceQuality "1"]

1. d4 Nf6 2. c4 c5 3. d5 d6 4. Nc3 g6 5. e4 Bg7 6. Nf3 O-O 7. Be2 Nbd7 8. h3 a6
9. a4 b5 10. axb5 Bb7 11. Qc2 axb5 12. Rxa8 Qxa8 13. Nxb5 Qb8 14. O-O Ba6 15.
Nc3 Qc7 16. Be3 Nb6 17. Nd2 Nfd7 18. f4 Bd4 19. Bxd4 cxd4 20. Na4 Nxa4 21. Qxa4
Nc5 22. Qc2 Qb6 23. Kh1 Rb8 24. Rb1 Qb4 25. b3 Bc8 26. Nf3 e5 27. dxe6 Nxe6 28.
f5 gxf5 29. exf5 Nf4 30. Nxd4 Qc5 31. Qd2 Qe5 32. Bf3 d5 33. Nc6 Bxf5 34. Nxe5
1-0

[Event "Madrid ch 2021-2022 - Previa A"]
[Site "Madrid ESP"]
[Date "2022.03.09"]
[Round "3.6"]
[White "Barahona Torrijos, Angel"]
[Black "De Dompablo Fantova, Juan"]
[Result "1/2-1/2"]
[WhiteElo "1822"]
[BlackElo "1670"]
[PlyCount "105"]
[EventDate "2022.03.07"]
[EventType "swiss"]
[EventRounds "9"]
[EventCountry "ESP"]
[SourceTitle "Ajedrez en Madrid"]
[Source "lmi"]
[SourceDate "2022.03.07"]
[SourceVersion "1"]
[SourceVersionDate "2022.04.04"]
[SourceQuality "1"]

1. e4 e5 2. Nc3 Bc5 3. Nf3 Nc6 4. Bb5 d6 5. d4 exd4 6. Nxd4 Bd7 7. Be3 Bb6 8.
Nd5 Nf6 9. Nxb6 axb6 10. f3 O-O 11. a4 Nxd4 12. Bxd4 Bxb5 13. axb5 Nd7 14. O-O
Qg5 15. Qe2 Nc5 16. b4 Ne6 17. Be3 Qe5 18. Rad1 Ra2 19. Qc4 Qb2 20. Rd2 Rfa8
21. c3 Qa3 22. Rxa2 Qxa2 23. Qxa2 Rxa2 24. Bd4 Nf4 25. g3 Ne2+ 26. Kh1 Nxd4 27.
cxd4 Rb2 28. Rc1 Rxb4 29. Rxc7 Kf8 30. Rxb7 Rxb5 31. Rd7 d5 32. Kg2 Ke8 33. Rb7
Rb2+ 34. Kf1 dxe4 35. fxe4 Rb4 36. d5 Rxe4 37. Rxb6 Rd4 38. Rb5 Kd7 39. Ke2 Kd6
40. Rb7 Rxd5 41. Rxf7 Rg5 42. Kf3 Ke6 43. Ra7 Kf6 44. Ra6+ Kf7 45. Kf4 Rb5 46.
h3 h6 47. Ra4 Rc5 48. h4 Rb5 49. g4 Rc5 50. g5 hxg5+ 51. hxg5 g6 52. Ra7+ Kf8
53. Ra4 1/2-1/2

[Event "Madrid ch 2021-2022 - Previa A"]
[Site "Madrid ESP"]
[Date "2022.03.09"]
[Round "3.7"]
[White "Palomo Monserrat, Lorenzo"]
[Black "Sotoca Aguado, Jose"]
[Result "1-0"]
[WhiteElo "1645"]
[BlackElo "1819"]
[PlyCount "93"]
[EventDate "2022.03.07"]
[EventType "swiss"]
[EventRounds "9"]
[EventCountry "ESP"]
[SourceTitle "Ajedrez en Madrid"]
[Source "lmi"]
[SourceDate "2022.03.07"]
[SourceVersion "1"]
[SourceVersionDate "2022.04.04"]
[SourceQuality "1"]

1. d4 Nf6 2. c4 e6 3. Nf3 b6 4. g3 Bb7 5. Bg2 Be7 6. O-O O-O 7. Nc3 Ne4 8. Bd2
Nxd2 9. Qxd2 d6 10. e4 Nd7 11. Rfd1 c6 12. d5 cxd5 13. exd5 e5 14. Qe3 f5 15.
Nd2 Nf6 16. f4 e4 17. Nb5 Bc8 18. Nd4 Bd7 19. N2b3 g6 20. Rd2 Rc8 21. Rc1 Qe8
22. h3 Rc7 23. Rdc2 Qc8 24. Nd2 Ne8 25. Bf1 Bf6 26. b4 Ng7 27. N2b3 Be7 28. Rc3
Re8 29. R1c2 Qb7 30. c5 bxc5 31. bxc5 dxc5 32. Nxc5 Bxc5 33. Rxc5 Rec8 34. Nc6
Bxc6 35. dxc6 Qb6 36. Qb3+ Kf8 37. Qa3 Ne6 38. Kh1 Nxc5 39. Rxc5 Kg7 40. Qc3+
Kh6 41. g4 e3 42. g5+ Kh5 43. Be2+ Kh4 44. Qe1+ Kxh3 45. Qf1+ Kg3 46. Qf3+ Kh4
47. Kh2 1-0

[Event "Madrid ch 2021-2022 - Previa A"]
[Site "Madrid ESP"]
[Date "2022.03.09"]
[Round "3.9"]
[White "Sanchez Liso, Juan A"]
[Black "Maseda Iglesias, Luis"]
[Result "1-0"]
[WhiteElo "1418"]
[BlackElo "1735"]
[PlyCount "73"]
[EventDate "2022.03.07"]
[EventType "swiss"]
[EventRounds "9"]
[EventCountry "ESP"]
[SourceTitle "Ajedrez en Madrid"]
[Source "lmi"]
[SourceDate "2022.03.07"]
[SourceVersion "1"]
[SourceVersionDate "2022.04.04"]
[SourceQuality "1"]

1. d4 e6 2. Bf4 f5 3. e3 Nf6 4. h4 c5 5. c3 Qb6 6. Qb3 Qxb3 7. axb3 b6 8. Bxb8
Rxb8 9. Rxa7 Bb7 10. Nd2 Bd6 11. Ngf3 O-O 12. Bb5 Bxf3 13. gxf3 Ra8 14. Ra4 Bc7
15. Ke2 Rxa4 16. bxa4 d6 17. h5 d5 18. dxc5 bxc5 19. Nb3 Bd6 20. Na5 c4 21. Nb7
Bc7 22. a5 Ra8 23. a6 Kf7 24. h6 g6 25. Ra1 Ke7 26. Bc6 Bb6 27. Bb5 Nd7 28. Na5
Nb8 29. Nc6+ Nxc6 30. Bxc6 Ra7 31. Bb7 Kd6 32. f4 Kc7 33. Rg1 Bc5 34. Rxg6 Bf8
35. Rg7+ Kb6 36. Rxh7 Rxb7 37. axb7 1-0

[Event "Madrid ch 2021-2022 - Previa A"]
[Site "Madrid ESP"]
[Date "2022.03.09"]
[Round "3.11"]
[White "Ortega Molina, Tomas"]
[Black "Rodriguez Garcia, Jose Maria"]
[Result "0-1"]
[WhiteElo "1627"]
[BlackElo "1963"]
[PlyCount "138"]
[EventDate "2022.03.07"]
[EventType "swiss"]
[EventRounds "9"]
[EventCountry "ESP"]
[SourceTitle "Ajedrez en Madrid"]
[Source "lmi"]
[SourceDate "2022.03.07"]
[SourceVersion "1"]
[SourceVersionDate "2022.04.04"]
[SourceQuality "1"]

1. c4 Nf6 2. Nc3 g6 3. g3 Bg7 4. Bg2 O-O 5. d3 d6 6. e4 e5 7. Nge2 h6 8. O-O c6
9. Bd2 a5 10. a3 Na6 11. Rb1 Nc5 12. Be3 Ng4 13. h3 Nxe3 14. fxe3 h5 15. d4 Nd7
16. d5 c5 17. Nb5 Nb6 18. b3 Bh6 19. Qd2 a4 20. Qd3 axb3 21. Qxb3 Ra6 22. Rf3
Na8 23. Rbf1 Nc7 24. Rf6 Ne8 25. R6f3 Qa5 26. Nec3 Qd8 27. Qc2 Qe7 28. Qf2 Bg5
29. Kh2 h4 30. g4 f6 31. a4 Kg7 32. Na3 Qd8 33. Nab5 Qa5 34. Rb1 Nc7 35. Nxc7
Qxc7 36. Nb5 Qa5 37. Qc2 Rd8 38. Nc3 Rb6 39. Rb5 Rxb5 40. axb5 Bd7 41. Qb2 Ra8
42. Bf1 Qa1 43. Qxa1 Rxa1 44. Be2 Rc1 45. Na4 Rc2 46. Rf2 Bxe3 47. Rg2 Bf4+ 48.
Kh1 Rc1+ 49. Rg1 Rc2 50. Rg2 Kf7 51. Nb6 Ke7 52. Na8 Rc3 53. b6 Rxh3+ 54. Kg1
Be3+ 55. Rf2 Bxf2+ 56. Kxf2 Rh2+ 57. Ke1 Rxe2+ 58. Kxe2 Bxg4+ 59. Kf2 f5 60.
exf5 Bxf5 61. Nc7 g5 62. Nb5 g4 63. Nc3 Bd3 64. Nd1 g3+ 65. Kf3 Kf6 66. Ne3 Kg5
67. Ng4 Be2+ 68. Kxe2 Kxg4 69. Kf1 h3 0-1

[Event "Madrid ch 2021-2022 - Previa A"]
[Site "Madrid ESP"]
[Date "2022.03.09"]
[Round "3.12"]
[White "Marcos Herrero, Francisco"]
[Black "Jolani, Parnian"]
[Result "1-0"]
[WhiteElo "1897"]
[BlackElo "1553"]
[PlyCount "65"]
[EventDate "2022.03.07"]
[EventType "swiss"]
[EventRounds "9"]
[EventCountry "ESP"]
[SourceTitle "Ajedrez en Madrid"]
[Source "lmi"]
[SourceDate "2022.03.07"]
[SourceVersion "1"]
[SourceVersionDate "2022.04.04"]
[SourceQuality "1"]

1. c4 e5 2. g3 Nf6 3. Bg2 Nc6 4. Nc3 Bb4 5. e3 Bxc3 6. dxc3 d6 7. e4 Be6 8. b3
h6 9. Qc2 Qd7 10. h3 Qe7 11. Ne2 Nd7 12. Be3 Qf6 13. f4 exf4 14. gxf4 Nb6 15.
O-O g6 16. Nd4 Qe7 17. a4 Na5 18. Rae1 c5 19. Nf3 Nxb3 20. e5 Nxc4 21. exd6
Nxd6 22. Bf2 c4 23. Bh4 Qd7 24. Ne5 Qxa4 25. Nxg6 Rg8 26. f5 Nxf5 27. Qxf5 Qd7
28. Nf4 Nc5 29. Qxc5 Rc8 30. Nxe6 Rxg2+ 31. Kxg2 Qd2+ 32. Qf2 Qd5+ 33. Qf3 1-0

[Event "Madrid ch 2021-2022 - Previa A"]
[Site "Madrid ESP"]
[Date "2022.03.09"]
[Round "3.13"]
[White "De Fuenmayor Fernandez de la , Carlos Pablo"]
[Black "Esteban Amo, Jose M."]
[Result "0-1"]
[WhiteElo "1432"]
[BlackElo "1874"]
[PlyCount "180"]
[EventDate "2022.03.07"]
[EventType "swiss"]
[EventRounds "9"]
[EventCountry "ESP"]
[SourceTitle "Ajedrez en Madrid"]
[Source "lmi"]
[SourceDate "2022.03.07"]
[SourceVersion "1"]
[SourceVersionDate "2022.04.04"]
[SourceQuality "1"]

1. c4 f5 2. Nc3 Nf6 3. g3 d6 4. Bg2 g6 5. d4 Bg7 6. Nf3 O-O 7. O-O Qe8 8. Re1
e5 9. d5 a5 10. Nb5 Na6 11. Bd2 b6 12. h4 Bd7 13. Nc3 Nc5 14. Ng5 Rc8 15. e4
fxe4 16. Ngxe4 Ncxe4 17. Nxe4 Nxe4 18. Bxe4 Qf7 19. Be3 Bf5 20. Qd3 Bxe4 21.
Qxe4 Qf5 22. Qxf5 gxf5 23. Rad1 Rce8 24. Kf1 Kf7 25. b3 Kg6 26. f4 Kh5 27. fxe5
Bxe5 28. Kg2 Rg8 29. Bf2 f4 30. Rd3 Rg4 31. Rh1 fxg3 32. Bxg3 Bxg3 33. Rxg3
Re2+ 34. Kf3 Rxg3+ 35. Kxg3 Rxa2 36. Rf1 Ra3 37. Rf7 Rxb3+ 38. Kf4 a4 39. Rxh7+
Kg6 40. Rxc7 a3 41. Ra7 Rc3 42. Ra4 a2 43. Rxa2 Rxc4+ 44. Kg3 Rc5 45. Rd2 b5
46. Rd4 Kf5 47. h5 Rc3+ 48. Kf2 Rh3 49. Rb4 Rxh5 50. Rxb5 Rh3 51. Ke2 Ke4 52.
Kd2 Kd4 53. Kc2 Kc4 54. Ra5 Rh2+ 55. Kd1 Rg2 56. Ke1 Rb2 57. Kd1 Rh2 58. Ke1
Kb3 59. Kf1 Rh5 60. Kf2 Re5 61. Kf1 Kc4 62. Kf2 Rxd5 63. Ra3 Rd3 64. Ra4+ Kc5
65. Ke2 Rh3 66. Ra5+ Kd4 67. Ra4+ Ke5 68. Ra8 d5 69. Re8+ Kd4 70. Kf2 Ra3 71.
Kg2 Kd3 72. Rf8 Ra2+ 73. Kf3 d4 74. Rd8 Ra1 75. Kf2 Rh1 76. Kg2 Re1 77. Kf2 Re7
78. Rd6 Kc3 79. Rc6+ Kd2 80. Rd6 Rf7+ 81. Kg3 d3 82. Kg4 Ke2 83. Re6+ Kd1 84.
Rd6 d2 85. Kg5 Rf1 86. Kg4 Kc2 87. Rc6+ Kb3 88. Rb6+ Kc4 89. Rc6+ Kb5 90. Re6
d1=Q+ 0-1

[Event "Madrid ch 2021-2022 - Previa A"]
[Site "Madrid ESP"]
[Date "2022.03.09"]
[Round "3.14"]
[White "Fernandez Rios, Jose Francisco"]
[Black "Moya Barba, Diego"]
[Result "1-0"]
[WhiteElo "1753"]
[BlackElo "1482"]
[PlyCount "39"]
[EventDate "2022.03.07"]
[EventType "swiss"]
[EventRounds "9"]
[EventCountry "ESP"]
[SourceTitle "Ajedrez en Madrid"]
[Source "lmi"]
[SourceDate "2022.03.07"]
[SourceVersion "1"]
[SourceVersionDate "2022.04.04"]
[SourceQuality "1"]

1. d4 Nf6 2. c4 e6 3. Nf3 d5 4. Bg5 Be7 5. e3 O-O 6. Nc3 b6 7. cxd5 Nxd5 8.
Nxd5 Bxg5 9. Nxc7 Be7 10. Nxa8 Bb7 11. a3 Bxa8 12. Be2 Nd7 13. O-O Nf6 14. Rc1
Bd6 15. Ne5 Ne4 16. f3 Ng3 17. hxg3 Qg5 18. Qe1 f6 19. f4 Qf5 20. g4 1-0

[Event "Madrid ch 2021-2022 - Previa A"]
[Site "Madrid ESP"]
[Date "2022.03.09"]
[Round "3.15"]
[White "Guardiola Sevilla, Antonio"]
[Black "Blazquez Sanz, Oscar"]
[Result "1-0"]
[WhiteElo "1733"]
[BlackElo "1464"]
[PlyCount "133"]
[EventDate "2022.03.07"]
[EventType "swiss"]
[EventRounds "9"]
[EventCountry "ESP"]
[SourceTitle "Ajedrez en Madrid"]
[Source "lmi"]
[SourceDate "2022.03.07"]
[SourceVersion "1"]
[SourceVersionDate "2022.04.04"]
[SourceQuality "1"]

1. e4 e6 2. d4 d5 3. exd5 exd5 4. Bd3 Bd6 5. Nf3 Ne7 6. c3 h6 7. Qc2 O-O 8. Be3
Be6 9. Nbd2 Nd7 10. O-O f5 11. Nb3 f4 12. Bd2 Bf5 13. Rfe1 Bxd3 14. Qxd3 c5 15.
dxc5 Nxc5 16. Nxc5 Bxc5 17. Re6 Rc8 18. Rae1 Rc6 19. Nd4 Bxd4 20. Qxd4 Rxe6 21.
Rxe6 Nc6 22. Qd3 Qd7 23. Re1 Qf5 24. Qxf5 Rxf5 25. f3 Kf7 26. Kf2 b5 27. a4 a6
28. axb5 axb5 29. Ra1 d4 30. cxd4 Nxd4 31. Ra7+ Kg6 32. Bc3 Ne6 33. Rb7 Rh5 34.
h3 Rd5 35. Re7 Rd6 36. g4 h5 37. h4 Rc6 38. Rb7 Rc5 39. Rb6 Kf7 40. g5 g6 41.
Ke2 Rd5 42. Rb7+ Kg8 43. Re7 Nd4+ 44. Kf2 Kf8 45. Re4 Nf5 46. Rxf4 Ke7 47. Re4+
Kd6 48. Rb4 Kc5 49. Re4 Nd4 50. Bxd4+ Rxd4 51. Ke3 Rd6 52. f4 b4 53. Re5+ Kc4
54. Re4+ Kb3 55. Rd4 Rc6 56. f5 gxf5 57. Kf4 Rc5 58. g6 Kxb2 59. Rxb4+ Kc3 60.
Rb7 Kd4 61. Rd7+ Kc4 62. g7 Rc8 63. Kxf5 Kc5 64. Kf6 Kc6 65. Rf7 Kd5 66. Rf8
Rc6+ 67. Kg5 1-0

[Event "Madrid ch 2021-2022 - Previa A"]
[Site "Madrid ESP"]
[Date "2022.03.09"]
[Round "3.17"]
[White "Martin-Buitrago Lopez, Antonio"]
[Black "Balsera Gomez, Antonio"]
[Result "0-1"]
[WhiteElo "1669"]
[BlackElo "1414"]
[PlyCount "82"]
[EventDate "2022.03.07"]
[EventType "swiss"]
[EventRounds "9"]
[EventCountry "ESP"]
[SourceTitle "Ajedrez en Madrid"]
[Source "lmi"]
[SourceDate "2022.03.07"]
[SourceVersion "1"]
[SourceVersionDate "2022.04.04"]
[SourceQuality "1"]

1. e4 c5 2. Nc3 Nc6 3. f4 g6 4. Nf3 Bg7 5. a4 e6 6. Bb5 Nge7 7. O-O O-O 8. d3
d5 9. Bxc6 Nxc6 10. e5 a6 11. Kh1 Bd7 12. Bd2 Nb4 13. a5 b5 14. axb6 Qxb6 15.
Na4 Bxa4 16. Rxa4 Nc6 17. b3 d4 18. Ng5 Ne7 19. Ne4 Nd5 20. Qf3 f6 21. exf6
Bxf6 22. Qg3 Be7 23. Rfa1 Bd6 24. Nxd6 Qxd6 25. Rf1 Rf7 26. h3 Kh8 27. Kh2 Rf5
28. Ra5 g5 29. Rfa1 gxf4 30. Qf3 Ra7 31. R1a4 Ne3 32. c4 Rg5 33. Bxe3 fxe3+ 34.
Kg1 Rf5 35. Qg4 Raf7 36. Qe2 Rf1+ 37. Qxf1 Rxf1+ 38. Kxf1 Qf4+ 39. Kg1 e2 40.
Ra1 Qe3+ 41. Kh2 e1=Q 0-1

[Event "Madrid ch 2021-2022 - Previa A"]
[Site "Madrid ESP"]
[Date "2022.03.09"]
[Round "3.18"]
[White "Bengoa Moreno, Oscar"]
[Black "Fuentenebro Cediel, Alberto"]
[Result "1-0"]
[WhiteElo "1629"]
[BlackElo "1328"]
[PlyCount "56"]
[EventDate "2022.03.07"]
[EventType "swiss"]
[EventRounds "9"]
[EventCountry "ESP"]
[SourceTitle "Ajedrez en Madrid"]
[Source "lmi"]
[SourceDate "2022.03.07"]
[SourceVersion "1"]
[SourceVersionDate "2022.04.04"]
[SourceQuality "1"]

1. c4 e6 2. d3 Nf6 3. Nf3 d5 4. cxd5 exd5 5. g3 Bc5 6. d4 Bb4+ 7. Bd2 Bd6 8.
Nc3 c6 9. Bg2 Bf5 10. O-O Qc8 11. Re1 O-O 12. Nh4 Bh3 13. e4 dxe4 14. Nxe4 Nxe4
15. Bxe4 f5 16. Bh1 Nd7 17. Bc3 Nf6 18. d5 c5 19. Bxf6 Rxf6 20. Re6 Rxe6 21.
dxe6 Be7 22. Qd3 Qd8 23. Qe3 Rb8 24. b3 b6 25. Re1 Kf8 26. Nf3 Bf6 27. Ne5 Qd4
28. Qxd4 cxd4 1-0

[Event "Madrid ch 2021-2022 - Previa A"]
[Site "Madrid ESP"]
[Date "2022.03.09"]
[Round "3.19"]
[White "Bolea Olivan, Jose Angel"]
[Black "Moreno Sabroso, Ruben"]
[Result "1-0"]
[WhiteElo "1810"]
[BlackElo "1495"]
[PlyCount "96"]
[EventDate "2022.03.07"]
[EventType "swiss"]
[EventRounds "9"]
[EventCountry "ESP"]
[SourceTitle "Ajedrez en Madrid"]
[Source "lmi"]
[SourceDate "2022.03.07"]
[SourceVersion "1"]
[SourceVersionDate "2022.04.04"]
[SourceQuality "1"]

1. d4 d5 2. c4 e6 3. Nf3 Nf6 4. Nc3 b6 5. Bg5 Be7 6. Qc2 Bb7 7. cxd5 Nxd5 8.
Nxd5 exd5 9. Bxe7 Qxe7 10. e3 O-O 11. Bd3 h6 12. Rc1 c6 13. Ne5 Rc8 14. O-O c5
15. Bh7+ Kf8 16. Bf5 Rc7 17. Qe2 Ba6 18. Qf3 Bxf1 19. Qxd5 Bxg2 20. Qxg2 Qg5
21. Be4 Qxg2+ 22. Kxg2 f6 23. Bxa8 fxe5 24. dxe5 Nd7 25. f4 g5 26. Bd5 Nb8 27.
f5 Nd7 28. e6 Nf6 29. e4 Ke7 30. Kf3 b5 31. Rd1 c4 32. e5 Nxd5 33. Rxd5 b4 34.
Rd7+ Rxd7 35. exd7 Kxd7 36. Ke3 h5 37. Kd4 a5 38. Kxc4 g4 39. Kd5 h4 40. Ke4 g3
41. Kf3 gxh2 42. Kg2 h1=Q+ 43. Kxh1 h3 44. Kh2 a4 45. Kxh3 Ke7 46. Kg4 Kf7 47.
Kf4 Ke7 48. Ke4 Kd7 1-0

[Event "Madrid ch 2021-2022 - Previa A"]
[Site "Madrid ESP"]
[Date "2022.03.09"]
[Round "3.20"]
[White "Del Olmo Linares, Marco"]
[Black "Martinez Miura, Enrique"]
[Result "1-0"]
[WhiteElo "1477"]
[BlackElo "1601"]
[PlyCount "83"]
[EventDate "2022.03.07"]
[EventType "swiss"]
[EventRounds "9"]
[EventCountry "ESP"]
[SourceTitle "Ajedrez en Madrid"]
[Source "lmi"]
[SourceDate "2022.03.07"]
[SourceVersion "1"]
[SourceVersionDate "2022.04.04"]
[SourceQuality "1"]

1. e4 e6 2. d4 d5 3. e5 c5 4. c3 cxd4 5. cxd4 Nc6 6. Nf3 Bd7 7. Bd3 Nge7 8. O-O
g6 9. Nc3 a6 10. Be3 Bg7 11. a3 O-O 12. Qd2 Na5 13. Qe2 Rc8 14. g4 f5 15. exf6
Bxf6 16. Bh6 Bg7 17. Bxg7 Kxg7 18. Ng5 Rf6 19. Qe3 h6 20. Nh3 Rf7 21. f4 Nac6
22. Na4 Kg8 23. Nc5 Rb8 24. Kh1 a5 25. Ng1 b6 26. Nxd7 Qxd7 27. Nf3 Rbf8 28.
Ne5 Nxe5 29. Qxe5 Nc6 30. Qe3 Kg7 31. Rae1 Rf6 32. Bb5 Kg8 33. Rc1 Rc8 34. Rc3
Qb7 35. Rfc1 Ne7 36. Qe5 Rxc3 37. Rxc3 Kf7 38. Rc7 Qa8 39. Qd6 Qf8 40. Rd7 h5
41. Rd8 Qg7 42. Re8 1-0

[Event "Madrid ch 2021-2022 - Previa A"]
[Site "Madrid ESP"]
[Date "2022.03.09"]
[Round "3.21"]
[White "Diaz Del Prado, Carlos"]
[Black "Villodre Miranda, Juan Alonso"]
[Result "1/2-1/2"]
[WhiteElo "1375"]
[BlackElo "1563"]
[PlyCount "95"]
[EventDate "2022.03.07"]
[EventType "swiss"]
[EventRounds "9"]
[EventCountry "ESP"]
[SourceTitle "Ajedrez en Madrid"]
[Source "lmi"]
[SourceDate "2022.03.07"]
[SourceVersion "1"]
[SourceVersionDate "2022.04.04"]
[SourceQuality "1"]

1. d4 d5 2. Nf3 g6 3. Bf4 Bg7 4. Nc3 c6 5. Qd2 h6 6. h4 Nf6 7. O-O-O a5 8. Ne5
Nbd7 9. f3 Nxe5 10. dxe5 Ng8 11. g4 e6 12. e4 Qc7 13. exd5 Bxe5 14. Bxe5 Qxe5
15. dxe6 Bxe6 16. Re1 Qc7 17. Qd4 Rh7 18. Qe4 O-O-O 19. Qe3 b5 20. Qe5 Ne7 21.
a3 Qxe5 22. Rxe5 Nd5 23. Nxd5 Rxd5 24. Rxd5 Bxd5 25. Bg2 f6 26. Re1 Kd7 27. Kd2
Re7 28. Rxe7+ Kxe7 29. Ke3 Ke6 30. Bf1 g5 31. hxg5 hxg5 32. Be2 Ke5 33. c3 Bc4
34. Bd1 a4 35. Bc2 Bd5 36. Bf5 Be6 37. Bc2 f5 38. Bd1 Bb3 39. Be2 f4+ 40. Kd2
Kd5 41. Kc1 Bc4 42. Bd1 Bd3 43. Kd2 Bf1 44. Bc2 Kc4 45. Ke1 Bd3 46. Bd1 c5 47.
Kd2 Bf1 48. Ke1 1/2-1/2

[Event "Madrid ch 2021-2022 - Previa A"]
[Site "Madrid ESP"]
[Date "2022.03.09"]
[Round "3.22"]
[White "Gomez Ramirez, Jorge"]
[Black "Aquilino Rodriguez, Virgilio"]
[Result "0-1"]
[WhiteElo "1251"]
[BlackElo "1541"]
[PlyCount "49"]
[EventDate "2022.03.07"]
[EventType "swiss"]
[EventRounds "9"]
[EventCountry "ESP"]
[SourceTitle "Ajedrez en Madrid"]
[Source "lmi"]
[SourceDate "2022.03.07"]
[SourceVersion "1"]
[SourceVersionDate "2022.04.04"]
[SourceQuality "1"]

1. d4 Nf6 2. c4 d5 3. cxd5 Qxd5 4. Nc3 Qd8 5. e4 c6 6. Bg5 h6 7. Be3 e6 8. a3
Be7 9. Bd3 Nbd7 10. e5 Nd5 11. Nxd5 cxd5 12. f4 O-O 13. Nf3 f5 14. h4 Nb6 15.
b3 a5 16. h5 Bd7 17. Bf2 Rc8 18. Bh4 Be8 19. Bxe7 Qxe7 20. Nh4 a4 21. Bb5 Bxb5
22. Ng6 Qc7 23. Nxf8 Kxf8 24. Kf2 Qc2+ 25. Qe2 0-1

[Event "Madrid ch 2021-2022 - Previa A"]
[Site "Madrid ESP"]
[Date "2022.03.14"]
[Round "4.1"]
[White "Armenteros Peral, Javier"]
[Black "Moreno Torrero, Javier"]
[Result "1-0"]
[WhiteElo "1992"]
[BlackElo "1952"]
[PlyCount "83"]
[EventDate "2022.03.07"]
[EventType "swiss"]
[EventRounds "9"]
[EventCountry "ESP"]
[SourceTitle "Ajedrez en Madrid"]
[Source "lmi"]
[SourceDate "2022.03.07"]
[SourceVersion "1"]
[SourceVersionDate "2022.04.04"]
[SourceQuality "1"]

1. e4 c5 2. Nf3 Nc6 3. d4 cxd4 4. Nxd4 e6 5. Nb5 d6 6. Bf4 e5 7. Be3 Nf6 8.
N1c3 a6 9. Na3 Be6 10. Bg5 Qa5 11. Bxf6 gxf6 12. Nc4 Qc7 13. Ne3 Bh6 14. Ncd5
Qa5+ 15. c3 Bxe3 16. Nxe3 O-O-O 17. Bc4 Rhg8 18. g3 Ne7 19. Qb3 d5 20. exd5
Nxd5 21. O-O-O Nc7 22. Bxe6+ fxe6 23. Nc4 Qc5 24. Nb6+ Kb8 25. Nd7+ Rxd7 26.
Rxd7 Qxf2 27. Rhd1 Rc8 28. R1d2 Qe1+ 29. Qd1 Qe4 30. Qe2 Qg6 31. Qd3 e4 32. Qd6
e3 33. Re2 Qh5 34. Rxe3 Qxh2 35. Rxe6 Qh1+ 36. Kc2 f5 37. Rxc7 Qg2+ 38. Kb3
Rxc7 39. Re8+ Ka7 40. Qxc7 Qd5+ 41. Qc4 Qd1+ 42. Ka3 1-0

[Event "Madrid ch 2021-2022 - Previa A"]
[Site "Madrid ESP"]
[Date "2022.03.14"]
[Round "4.2"]
[White "Alvarez Abejon, Amilcar"]
[Black "Hernandez Gutierrez, Jose"]
[Result "1-0"]
[WhiteElo "1970"]
[BlackElo "1732"]
[PlyCount "83"]
[EventDate "2022.03.07"]
[EventType "swiss"]
[EventRounds "9"]
[EventCountry "ESP"]
[SourceTitle "Ajedrez en Madrid"]
[Source "lmi"]
[SourceDate "2022.03.07"]
[SourceVersion "1"]
[SourceVersionDate "2022.04.04"]
[SourceQuality "1"]

1. e4 c6 2. d4 d5 3. exd5 cxd5 4. c4 Nf6 5. Nc3 Nc6 6. Nf3 e6 7. cxd5 Nxd5 8.
Bd3 Be7 9. O-O a6 10. Re1 Nf6 11. a3 h6 12. Bc2 O-O 13. Qd3 Re8 14. Be3 b5 15.
Ne4 Nh7 16. Nd6 Nf8 17. Nxe8 Qxe8 18. d5 exd5 19. Qxd5 Be6 20. Qe4 Rc8 21. Rac1
Bf6 22. Nd4 Nxd4 23. Bxd4 Bxd4 24. Qxd4 Rc4 25. Qd2 Qd7 26. Qxd7 Nxd7 27. Bd3
Rxc1 28. Rxc1 Ne5 29. Be2 Bc4 30. Bxc4 Nxc4 31. Rc2 Kf8 32. Re2 a5 33. Kf1 a4
34. Ke1 f6 35. Kd1 Kf7 36. Kc2 g5 37. Kc3 Nd6 38. Kb4 h5 39. Kc5 Nf5 40. Re4 h4
41. h3 Kg6 42. Rb4 1-0

[Event "Madrid ch 2021-2022 - Previa A"]
[Site "Madrid ESP"]
[Date "2022.03.14"]
[Round "4.3"]
[White "Lopez de Turiso, Jose Angel"]
[Black "Palomo Monserrat, Lorenzo"]
[Result "1/2-1/2"]
[WhiteElo "1935"]
[BlackElo "1645"]
[PlyCount "134"]
[EventDate "2022.03.07"]
[EventType "swiss"]
[EventRounds "9"]
[EventCountry "ESP"]
[SourceTitle "Ajedrez en Madrid"]
[Source "lmi"]
[SourceDate "2022.03.07"]
[SourceVersion "1"]
[SourceVersionDate "2022.04.04"]
[SourceQuality "1"]

1. e4 c5 2. Nf3 Nc6 3. c3 Nf6 4. e5 Nd5 5. g3 d6 6. exd6 Qxd6 7. Bg2 e5 8. O-O
Be7 9. d4 cxd4 10. cxd4 e4 11. Ne5 Nxe5 12. dxe5 Qxe5 13. Qa4+ Bd7 14. Qxe4
Qxe4 15. Bxe4 Bc6 16. Re1 O-O-O 17. Bd2 Bf6 18. Nc3 Nxc3 19. Bxc3 Bxc3 20. bxc3
Bxe4 21. Rxe4 Rhe8 22. Rxe8 Rxe8 23. Kf1 Kc7 24. Rb1 Kc6 25. Rb4 b5 26. c4 a6
27. cxb5+ Kc5 28. Rg4 axb5 29. Rxg7 Ra8 30. Rxf7 Rxa2 31. Rxh7 b4 32. Rb7 Kc4
33. h4 Ra5 34. g4 b3 35. Ke2 Ra2+ 36. Ke3 b2 37. Ke4 Kc3 38. Kf5 Kc4 39. Kg6
Kc5 40. Rxb2 Rxb2 41. h5 Rb6+ 42. Kg7 Rb7+ 43. Kf6 Rb6+ 44. Kf7 Rb7+ 45. Kg8
Rb8+ 46. Kg7 Rb7+ 47. Kg6 Rb6+ 48. Kg5 Kd5 49. h6 Rb7 50. Kg6 Rb6+ 51. Kh5 Rb7
52. f4 Ke4 53. Kg5 Rb5+ 54. f5 Ke5 55. h7 Rb8 56. f6 Ke6 57. Kg6 Rc8 58. g5 Rb8
59. Kg7 Rb7+ 60. Kh6 Rb8 61. Kg7 Rb7+ 62. f7 Rxf7+ 63. Kg8 Rb7 64. h8=Q Rb8+
65. Kh7 Rxh8+ 66. Kxh8 Kf5 67. g6 Kxg6 1/2-1/2